Sociologie des élites délinquantes : De la criminalité en col blanc à la corruption politique (notice n° 2198729)

détails MARC
000 -LEADER
fixed length control field 01804cam a2200145 4500500
005 - DATE AND TIME OF LATEST TRANSACTION
control field 20260405085600.0
041 ## - LANGUAGE CODE
Language code of text/sound track or separate title fre
042 ## - AUTHENTICATION CODE
Authentication code dc
100 10 - MAIN ENTRY--PERSONAL NAME
Personal name Lascoumes, Pierre
Relator term author
245 00 - TITLE STATEMENT
Title Sociologie des élites délinquantes : De la criminalité en col blanc à la corruption politique
260 ## - PUBLICATION, DISTRIBUTION, ETC.
Name of publisher, distributor, etc. Armand Colin,<br/>
Date of publication, distribution, etc. 2018.<br/>
520 ## - SUMMARY, ETC.
Summary, etc. La dénonciation régulière des « affaires » et des « scandales » laisse croire que les élites économiques et politiques ne sont plus à l’abri des mises en cause et des procès. Ces événements masquent pourtant une tout autre réalité. Les déviances et délinquances des élites restent en effet perçues comme ayant une moindre gravitéque celles portant atteinte aux personnes et aux biens. Et elles sont loin de susciter la même réaction sociale.S’intéresser aux élites délinquantes permet alors de poser des questions qui ne sont jamais soulevées dans les cas d’atteintes aux biens et personnes. Où placer le curseur entre les déviances acceptables et celles qui menacent l’ordre social ? L’existence d’une norme pénale est-elle suffisante pour identifier un acte transgressif ? Les auteurs d’abus sont-ils vraiment mal intentionnés et responsables ? Ne sont-ils pas victimes d’organisations laxistes et d’une grande tolérance collective ? Quelle est enfin la sanction adéquate à ces débordements ? Ces enjeux sont autant intellectuels que politiques et éthiques.Afin de pouvoir construire des positions réfléchies sur le sujet, la maîtrise des connaissances scientifiques existantes est un préalable indispensable. Tel est l’apport de cet ouvrage.
700 10 - ADDED ENTRY--PERSONAL NAME
Personal name Nagels, Carla
Relator term author
856 41 - ELECTRONIC LOCATION AND ACCESS
Uniform Resource Identifier <a href="https://shs.cairn.info/sociologie-des-elites--9782200621261?lang=fr&redirect-ssocas=7080">https://shs.cairn.info/sociologie-des-elites--9782200621261?lang=fr&redirect-ssocas=7080</a>

Pas d'exemplaire disponible.

PLUDOC

PLUDOC est la plateforme unique et centralisée de gestion des bibliothèques physiques et numériques de Guinée administré par le CEDUST. Elle est la plus grande base de données de ressources documentaires pour les Étudiants, Enseignants chercheurs et Chercheurs de Guinée.

Adresse

627 919 101/664 919 101

25 boulevard du commerce
Kaloum, Conakry, Guinée

Réseaux sociaux

Powered by Netsen Group @ 2025